Vocab Espagnol 1. Informacion y nuevas tecnologias - Statistiques

Statistiques générales
  • Ce quiz a été pris 13 fois
  • Le résultat moyen est 14 sur 68
Statistiques - réponses
Hint Réponse % Correct
Ocultar Cacher
60%
Influir Influencer
60%
Dejar un comentario Laisser un commentaire
60%
Contenido Le contenu
60%
Foro Le Forum
60%
Contrasena Le mot de passe
60%
Proveedores Fournisseurs
40%
Cadena La chaîne
40%
Bloguero Le bloggeur
40%
Carpeta Le dossier
40%
Archivo Le fichier
40%
Correo Electrônico L'e-mail
40%
Nombre de usario Le nom d'utilisateur
40%
Herramientas Les outils
40%
Pasar tiempo en Passer du temps sur
40%
Cartera Portefeuille
40%
Iniciar sesiôn Se connecter
40%
Registrarse S'inscrire
40%
Descargar Télécharger
40%
Un fallo Une erreur
40%
Apenas A peine
20%
conexiones moviles de alta velocidad Connexions mobiles a haut debit
20%
Dedicar tiempo Consacrer du temps
20%
Fiscalizar Controler
20%
Basta oir il suffit d'entendre
20%
Indicator para medirlo Indicateur de mesure
20%
Ventaja L'avantage
20%
Porvenir L'avenir
20%
El espinazo L'échine
20%
Consumismo Le consumérisme
20%
Pantalla L'écran
20%
Seguidor Le follower
20%
Buscador Le moteur de Recherche
20%
Portada Le portail
20%
Agorego Le Prophète
20%
Paredes Les murs
20%
Logros Tecnolôgicos Les prouesses technologiques
20%
Ingenuo Naive
20%
Guardar Sauvegarder
20%
Sede Siège
20%
Almacenar Stocker
20%
Un informe Un rapport
20%
Mediante Via
20%
Disenar Concevoir
0%
Con diferencia De loin
0%
Rebasar Dépasser
0%
Cerraduras Des serrures
0%
Resulta dificil il s'avère difficile
0%
Solo hace falta Il suffit d'avoir
0%
Suscriptor L'abonné
0%
Mejora L'amélioration
0%
Adelanto L'avancée
0%
Hilo de conversaciôn Le fil de discussion
0%
El titular Le gros titre
0%
Retroceso Le recul
0%
Filtraciones Les fuites
0%
Acontecimiento L'événement
0%
Influencer L'influenceur
0%
Invento L'invention
0%
Usario L'utilisateur
0%
Colgar en la red Mettre en Ligne
0%
Recorrar Parcourir
0%
Calgar Poster
0%
Desmoronar S'effondrer
0%
Recalcar Souligner
0%
Un caldo de cultivo Un bouillon de culture
0%
Un colapso Un effondrement
0%
Escalofrio Un frisson
0%
Aucun quiz correspondant
Distribution des résultats
% des personnes avec chaque résultat
Percentile par nombre de réponses
Votre historique - résultats
Vous n’avez pas pris ce quiz